000
00208 a2200097 4500
001
42879
100
_a
Aziz, K.K
245
_a
The making of Pakistan
260
_a
Islamabad
_b
N B F
_c
090
_c
26766
_d
26766
942
_a
NUST-CAE
_c
M
_c
18631
999
_c
277952
_d
277952